[Event "EU-ch U14 Girls"]
[Site "Prague"]
[Date "2024.08.30"]
[Round "8"]
[White "Gunasti, Latife Yade"]
[Black "Richter, Johanna"]
[Result "1-0"]
[WhiteElo "1704"]
[BlackElo "1861"]
[PlyCount "117"]
[EventDate "2024.08.22"]
[EventType "swiss"]
[EventRounds "9"]
[EventCountry "CZE"]
[SourceTitle "CBM 221 Extra"]
[Source "ChessBase"]
[SourceDate "2024.09.30"]
[SourceVersion "1"]
[SourceVersionDate "2024.09.30"]
[SourceQuality "1"]

1. d4 Nf6 2. c4 g6 3. Nc3 d5 4. h4 Bg7 5. h5 0-0 6. hxg6 fxg6 7. Nf3 c6 8. Bh6 Bxh6 9. Rxh6 Bf5 10. Qb3 b6 11. e3 Kg7 12. Rh1 Qd6 13. Be2 Nbd7 14. 0-0-0 Ne4 15. Nxe4 Bxe4 16. Rh3 dxc4 17. Qxc4 Bd5 18. Qc2 Nf6 19. Kb1 Be4 20. Bd3 Qd5 21. Rdh1 Rh8 22. Rc1 Rac8 23. Rh4 Bxd3 24. Qxd3 c5 25. e4 c4 26. Qe3 Qd7 27. Ne5 Qe8 28. Qh6+ Kg8 29. Rch1 c3 30. Nxg6 hxg6 31. Qxh8+ Kf7 32. Qxe8+ Nxe8 33. bxc3 Rxc3 34. Rf4+ Kg7 35. Rd1 Rc4 36. Rf3 Nf6 37. Re3 Ng4 38. Re2 Nf6 39. f3 Kf7 40. Rc2 Rb4+ 41. Rb2 Rc4 42. Rb3 Ke6 43. Ra3 Rc7 44. Kb2 Kd7 45. Rc3 Rb7 46. Kb3 Nh5 47. Rd2 Nf4 48. g3 Ne6 49. f4 Ng7 50. Kc2 b5 51. Kd3 Nh5 52. Ke2 Nf6 53. Ke3 e6 54. Rb2 a6 55. Rc5 Ke7 56. Rbc2 Ne8 57. Kd3 a5 58. Rb2 Nc7 59. a4 1-0

[Event "EU-ch U14 Girls"]
[Site "Prague"]
[Date "2024.08.26"]
[Round "5"]
[White "Huseynova, Dinara"]
[Black "Gunasti, Latife Yade"]
[Result "0-1"]
[WhiteElo "1923"]
[BlackElo "1704"]
[PlyCount "120"]
[EventDate "2024.08.22"]
[EventType "swiss"]
[EventRounds "9"]
[EventCountry "CZE"]
[SourceTitle "CBM 221 Extra"]
[Source "ChessBase"]
[SourceDate "2024.09.30"]
[SourceVersion "1"]
[SourceVersionDate "2024.09.30"]
[SourceQuality "1"]

1. Nf3 g6 2. d4 Bg7 3. Nc3 d6 4. e4 Nf6 5. Bg5 h6 6. Be3 0-0 7. h3 Nc6 8. Qd2 Kh7 9. 0-0-0 a6 10. g4 Ng8 11. Bd3 e5 12. d5 Nd4 13. Nh2 c5 14. dxc6 bxc6 15. f4 exf4 16. Bxf4 Ne6 17. Be3 Qa5 18. Bc4 Rb8 19. Bb3 Rd8 20. Nf3 Ne7 21. Na4 Qxa4 22. Bxa4 Bxb2+ 23. Kb1 Bc3+ 24. Kc1 Bxd2+ 25. Nxd2 d5 26. Rhf1 Kg7 27. Bb3 c5 28. exd5 Nxd5 29. Bxd5 Rxd5 30. Nc4 Rxd1+ 31. Rxd1 Bb7 32. Ne5 Be4 33. Rd6 g5 34. Bd2 Nd4 35. Bc3 Ne2+ 36. Kd2 Nxc3 37. Kxc3 a5 38. Ra6 Re8 39. Nd3 c4 40. Nf2 Bg6 41. Kd2 c3+ 42. Kd1 Rd8+ 43. Kc1 Rd2 44. Nd3 Rh2 45. Ne1 Rxh3 46. Rxa5 Rh1 47. Kd1 Bxc2+ 48. Kxc2 Rxe1 49. Ra4 h5 50. gxh5 Kh6 51. Kxc3 Kxh5 52. Ra8 f5 53. a4 f4 54. Kd2 Ra1 55. a5 Kg4 56. a6 Kf3 57. a7 g4 58. Rb8 Rxa7 59. Rb3+ Kg2 60. Rb2 Re7 0-1

[Event "EU-ch U14 Girls"]
[Site "Prague"]
[Date "2024.08.25"]
[Round "4"]
[White "Gunasti, Latife Yade"]
[Black "Ashton, Alannah"]
[Result "1/2-1/2"]
[WhiteElo "1704"]
[BlackElo "1918"]
[PlyCount "41"]
[EventDate "2024.08.22"]
[EventType "swiss"]
[EventRounds "9"]
[EventCountry "CZE"]
[SourceTitle "CBM 221 Extra"]
[Source "ChessBase"]
[SourceDate "2024.09.30"]
[SourceVersion "1"]
[SourceVersionDate "2024.09.30"]
[SourceQuality "1"]

1. d4 Nf6 2. c4 g6 3. Nc3 d5 4. Nf3 Bg7 5. Bg5 Ne4 6. cxd5 Nxg5 7. Nxg5 0-0 8. Nf3 c6 9. dxc6 Nxc6 10. e3 e5 11. d5 e4 12. dxc6 exf3 13. Qxd8 Rxd8 14. gxf3 bxc6 15. Bc4 Rb8 16. 0-0 Rxb2 17. Rfd1 Rxd1+ 18. Rxd1 Bxc3 19. Rd8+ Kg7 20. Rxc8 Be1 21. Rc7 1/2-1/2

[Event "TUR-chT 1st League"]
[Site "Denizli"]
[Date "2023.07.11"]
[Round "4.75"]
[White "Gunasti, Latife Yade"]
[Black "Acar, Ilayda"]
[Result "1-0"]
[WhiteElo "1444"]
[BlackElo "1579"]
[PlyCount "77"]
[EventDate "2023.07.09"]
[EventType "team-swiss"]
[EventRounds "9"]
[EventCountry "TUR"]
[SourceTitle "CBM 215 Extra"]
[Source "ChessBase"]
[SourceDate "2023.09.30"]
[SourceVersion "1"]
[SourceVersionDate "2023.09.30"]
[SourceQuality "1"]
[WhiteTeam "Ankara Demirspor"]
[BlackTeam "Karaman Saglik"]
[WhiteTeamCountry "TUR"]
[BlackTeamCountry "TUR"]

1. d4 Nf6 2. Nf3 e6 3. g3 d5 4. Bg2 b6 5. c4 Bb7 6. 0-0 Nbd7 7. cxd5 exd5 8. Nc3 Be7 9. Bf4 a6 10. Rc1 Rc8 11. h4 0-0 12. Ne5 Ne4 13. Nxe4 dxe4 14. Nc6 Bxc6 15. Rxc6 Nf6 16. Bh3 Nd5 17. Bxc8 Qxc8 18. e3 Qd7 19. Rc2 Rd8 20. Qe2 h6 21. Rfc1 Rc8 22. Kg2 g5 23. hxg5 hxg5 24. Be5 f6 25. Qh5 Bf8 26. Rh1 Bg7 27. Qh7+ Kf8 28. Qxe4 fxe5 29. dxe5 Qe6 30. Rd2 Ne7 31. f4 Qxa2 32. e6 Qa5 33. Rhd1 Re8 34. Rd8 Qb5 35. fxg5 Qxb2+ 36. Kg1 Qb5 37. Qh7 Qxg5 38. Rf1+ Bf6 39. Qf7# 1-0

[Event "World School-ch U13 Girls"]
[Site "Rhodes"]
[Date "2023.04.14"]
[Round "1"]
[White "Gunasti, Latife Yade"]
[Black "Semenova, Vasilisa"]
[Result "1/2-1/2"]
[WhiteElo "1414"]
[BlackElo "1728"]
[PlyCount "123"]
[EventDate "2023.04.14"]
[EventType "swiss"]
[EventRounds "9"]
[EventCountry "GRE"]
[SourceTitle "EXT 2024"]
[Source "ChessBase"]
[SourceDate "2023.10.10"]
[SourceVersion "1"]
[SourceVersionDate "2023.10.10"]
[SourceQuality "1"]

1. d4 d5 2. c4 e6 3. Nf3 Nf6 4. g3 Be7 5. Bg2 0-0 6. 0-0 dxc4 7. Nc3 c5 8. dxc5 Qc7 9. Qc2 Qxc5 10. Be3 Qb4 11. Rfd1 Nc6 12. Rac1 Bd7 13. Ng5 g6 14. Nge4 Rfd8 15. Bc5 Bxc5 16. Nxf6+ Kg7 17. Nxd7 Nd4 18. Qe4 Rxd7 19. e3 Rad8 20. exd4 Bxd4 21. Qc2 b5 22. Kf1 a6 23. a3 Qc5 24. Ne4 Qh5 25. h4 Qe5 26. Rb1 a5 27. Qe2 f5 28. Ng5 Qxe2+ 29. Kxe2 Re7 30. Rd2 e5 31. Rbd1 Rd6 32. Nf3 Red7 33. Bf1 Kf6 34. Bh3 h5 35. Bg2 Ke6 36. Rb1 b4 37. Rc2 Rc7 38. axb4 axb4 39. Rbc1 c3 40. bxc3 Bxc3 41. Ne1 Rcd7 42. Nf3 e4 43. Ng5+ Kf6 44. Nxe4+ fxe4 45. Bxe4 Rd2+ 46. Ke3 Rxc2 47. Rxc2 Rd6 48. f3 Bd4+ 49. Ke2 b3 50. Rc6 Rxc6 51. Bxc6 b2 52. Be4 Be5 53. f4 Bc3 54. Kf3 Be1 55. Kg2 Kf7 56. Kh3 Bd2 57. f5 gxf5 58. Bxf5 Kf6 59. Bb1 Ke5 60. g4 hxg4+ 61. Kxg4 Kd4 62. h5 1/2-1/2

[Event "Mersin op 5th"]
[Site "Mersin"]
[Date "2021.11.16"]
[Round "1"]
[White "Kayan, Veli"]
[Black "Gunasti, Latife Yade"]
[Result "1-0"]
[WhiteElo "1958"]
[BlackElo "1009"]
[PlyCount "81"]
[EventDate "2021.11.16"]
[EventType "swiss"]
[EventRounds "9"]
[EventCountry "TUR"]
[SourceTitle "EXT 2023"]
[Source "ChessBase"]
[SourceDate "2022.10.05"]
[SourceVersion "1"]
[SourceVersionDate "2022.10.05"]
[SourceQuality "1"]

1. e4 g6 2. d4 Bg7 3. Nc3 d6 4. Bg5 h6 5. Bh4 Nc6 6. Bb5 Bd7 7. Nge2 a6 8. Bxc6 Bxc6 9. f3 g5 10. Bf2 Nf6 11. Ng3 e6 12. Qd2 d5 13. e5 Nd7 14. Nh5 Bf8 15. 0-0 Qe7 16. a3 b6 17. Bg3 Bb7 18. Nf6+ Nxf6 19. exf6 Qd7 20. Rae1 Bd6 21. Ne2 0-0-0 22. c3 Rdg8 23. Be5 h5 24. Nc1 g4 25. f4 Kb8 26. Nd3 h4 27. Qe3 Rg6 28. Qe2 g3 29. h3 Ka7 30. Qf3 c5 31. f5 exf5 32. Qxf5 Qc6 33. Bxd6 Qxd6 34. Re7 Rf8 35. Ne5 Rgg8 36. Nxf7 Qc6 37. Qd7 Kb8 38. Ne5 Qc8 39. f7 Rg7 40. Qxc8+ Bxc8 41. Re8 1-0